000 00884nam a22002297a 4500
999 _c11736
_d11736
003 AR-CdUCM
008 190404b ||||| |||| 00| 0 spa d
040 _aMUNICIPALIDAD PROVINCIAL DEL CUSCO
_cBIBLIOTECA MUNICIPAL DEL CUSCO
082 _a641.1 /
_bC35 / 1946
100 _aCastro, Josué de
_94197
245 _aLa alimentación en los trópicos /
260 _aMéxico, D.F :
_bFondo de Cultura Económica,
_c1946.
300 _a204 páginas ;
_c21 cm.
440 _aColección tierra firme
_n18
_929233
505 _aContenido: Metabolismo energético de los trópicos -- Aspecto cualitativo de la alimentación de los trópicos -- Sales minerales -- Vitaminas...
650 _aAlimentos
_97656
650 _aRegiones tropicales
_929234
650 _aBrasil
_91261
700 _aReyes Mora, Alfonso (traducción)
_929235
942 _2ddc
_cLIBROS
945 _adavv
_d04/04/2019